| 000 | 01245nac a22002651u 4500 | ||
|---|---|---|---|
| 010 | _a 00067238 | ||
| 020 | _a0520229681 (cloth : alk. paper) | ||
| 082 | 0 | 0 |
_a306.095694 _bK499 |
| 090 |
_c5154 _d5154 |
||
| 100 | _aKimmerling, Baruch. | ||
| 245 | 1 | 4 |
_aThe invention and decline of Israeliness : _bstate, society, and the military / _cBaruch Kimmerling. |
| 260 |
_aBerkeley : _bUniversity of California Press,2001 _cc2001. |
||
| 300 |
_ax, 268 p. ; _c24 cm. |
||
| 504 | _aIncludes bibliographical references (p. 239-256) and index. | ||
| 650 | 0 | _aNational characteristics, Israeli. | |
| 650 | 0 |
_aJews _zIsrael _xIdentity. |
|
| 650 | 0 |
_aReligion and state _zIsrael. |
|
| 651 | 0 |
_aIsrael _xSocial conditions _y20th century. |
|
| 651 | 0 |
_aIsrael _xEthnic relations. |
|
| 856 | 4 | 2 |
_3Contributor biographical information _uhttp://www.loc.gov/catdir/bios/ucal052/00067238.html |
| 856 | 4 | 2 |
_3Table of contents _uhttp://www.loc.gov/catdir/toc/ucal041/00067238.html |
| 856 | 4 | 2 |
_3Publisher description _uhttp://www.loc.gov/catdir/description/ucal042/00067238.html |
| 942 |
_cBB _k306.095694K499 |
||
| 999 |
_c5154 _d5154 |
||